[Event "Titled Tuesday intern op 04th Mar Early"]
[Site "Chess.com INT"]
[Date "2025.03.04"]
[Round "9"]
[White "Gusev, Mikhail"]
[Black "Kassay, Lilla"]
[Result "1-0"]
[WhiteElo "2250"]
[BlackElo "2078"]
[PlyCount "33"]
[EventDate "2025.03.04"]
[EventType "swiss (blitz)"]
[EventRounds "11"]
[EventCountry "USA"]
[SourceTitle "CB11_2025"]
[SourceDate "2025.03.12"]
[SourceVersion "1"]
[SourceVersionDate "2025.03.12"]
[SourceQuality "1"]

1. d4 Nf6 2. Nf3 e6 3. g3 b6 4. Bg2 Bb7 5. 0-0 c5 6. c4 cxd4 7. Qxd4 Be7 8. Nc3 d6 9. Rd1 Nc6 10. Qf4 a6 11. b3 Qc7 12. Ba3 Rd8 13. e4 0-0 14. Rac1 Rfe8 15. Nd5 exd5 16. cxd5 Qb8 17. dxc6 1-0

[Event "Titled Tuesday intern op 04th Mar Early"]
[Site "Chess.com INT"]
[Date "2025.03.04"]
[Round "8"]
[White "Kassay, Lilla"]
[Black "Marcziter, Dmitrii"]
[Result "1-0"]
[WhiteElo "2078"]
[BlackElo "2210"]
[PlyCount "125"]
[EventDate "2025.03.04"]
[EventType "swiss (blitz)"]
[EventRounds "11"]
[EventCountry "USA"]
[SourceTitle "CB11_2025"]
[SourceDate "2025.03.12"]
[SourceVersion "1"]
[SourceVersionDate "2025.03.12"]
[SourceQuality "1"]

1. e4 e5 2. Nf3 Nc6 3. Bc4 Bc5 4. c3 Nf6 5. d3 h6 6. Bb3 d6 7. Nbd2 a6 8. Nf1 Ng4 9. Ne3 Nxe3 10. Bxe3 Bxe3 11. fxe3 0-0 12. 0-0 Be6 13. Bc2 d5 14. exd5 Bxd5 15. e4 Be6 16. Qe1 f6 17. Qg3 Qe8 18. Nh4 Ne7 19. d4 exd4 20. cxd4 c6 21. a3 Rd8 22. Qc7 Rd7 23. Qb6 Qh5 24. Nf3 Bg4 25. Bb3+ Kh8 26. Qc5 Qxc5 27. dxc5 Bxf3 28. gxf3 Rd2 29. Rfd1 Rxb2 30. Rab1 Rxb1 31. Rxb1 Rd8 32. Be6 Rb8 33. Bd7 Kg8 34. Kf2 Kf7 35. Ke3 g5 36. a4 a5 37. Rd1 Rd8 38. Be6+ Ke8 39. Bf7+ Kxf7 40. Rxd8 Ke6 41. Rb8 Ng6 42. Rxb7 h5 43. Ra7 Ne5 44. Ra6 h4 45. Ke2 Nc4 46. Rxc6+ Ke5 47. Rc8 Nb2 48. c6 Nxa4 49. c7 Kd6 50. Ra8 Kxc7 51. Rxa5 Nb6 52. Kd3 Nd7 53. Kd4 Kd6 54. Ra6+ Ke7 55. Kd5 Ne5 56. Ra7+ Kf8 57. Ke6 Nxf3 58. Kxf6 Ke8 59. e5 g4 60. e6 Kd8 61. e7+ Ke8 62. Ra8+ Kd7 63. e8Q+ 1-0

[Event "Titled Tuesday intern op 25th Feb Early"]
[Site "Chess.com INT"]
[Date "2025.02.25"]
[Round "10"]
[White "Bueno, Alfeu Varela Jr"]
[Black "Kassay, Lilla"]
[Result "1-0"]
[WhiteElo "2171"]
[BlackElo "2078"]
[PlyCount "45"]
[EventDate "2025.02.25"]
[EventType "swiss (blitz)"]
[EventRounds "11"]
[EventCountry "USA"]
[SourceTitle "CB10_2025"]
[SourceDate "2025.03.05"]
[SourceVersion "1"]
[SourceVersionDate "2025.03.05"]
[SourceQuality "1"]

1. e4 c5 2. Nc3 Nc6 3. f4 g6 4. Nf3 d6 5. Bb5 Bg7 6. Bxc6+ bxc6 7. d3 Nf6 8. 0-0 0-0 9. Qe1 Rb8 10. Rb1 Nh5 11. f5 gxf5 12. Qh4 Bxc3 13. Qxh5 f6 14. Bh6 Bd4+ 15. Nxd4 cxd4 16. Bxf8 Qxf8 17. exf5 Rb5 18. b3 Qf7 19. Qg4+ Qg7 20. Qe4 Re5 21. Qxc6 Bxf5 22. Rxf5 Rxf5 23. Qc8+ 1-0

[Event "Titled Tuesday intern op 25th Feb Early"]
[Site "Chess.com INT"]
[Date "2025.02.25"]
[Round "7"]
[White "Kassay, Lilla"]
[Black "Penafiel Mendoza, Josselyne Stefania"]
[Result "1-0"]
[WhiteElo "2078"]
[BlackElo "1940"]
[PlyCount "57"]
[EventDate "2025.02.25"]
[EventType "swiss (blitz)"]
[EventRounds "11"]
[EventCountry "USA"]
[SourceTitle "CB10_2025"]
[SourceDate "2025.03.05"]
[SourceVersion "1"]
[SourceVersionDate "2025.03.05"]
[SourceQuality "1"]

1. d4 Nf6 2. c4 g6 3. Nc3 Bg7 4. e4 d6 5. f4 0-0 6. Nf3 e5 7. fxe5 dxe5 8. d5 Nh5 9. Be2 Nf4 10. Bxf4 exf4 11. 0-0 c6 12. Kh1 cxd5 13. Nxd5 Nc6 14. Qd2 Qd6 15. Rad1 Bg4 16. b4 Bxf3 17. Bxf3 g5 18. c5 Qg6 19. b5 Rfe8 20. bxc6 bxc6 21. Nc7 Rad8 22. Qxd8 Rxd8 23. Rxd8+ Bf8 24. h3 Qf6 25. Rfd1 Qe5 26. Ne8 h5 27. Bxh5 Qxe4 28. Nf6+ Kg7 29. Nxe4 1-0

[Event "Titled Tuesday intern op 11th Feb Early"]
[Site "Chess.com INT"]
[Date "2025.02.11"]
[Round "11"]
[White "Brancaleoni, Maurizio"]
[Black "Kassay, Lilla"]
[Result "1/2-1/2"]
[WhiteElo "2180"]
[BlackElo "2078"]
[PlyCount "73"]
[EventDate "2025.02.11"]
[EventType "swiss (blitz)"]
[EventRounds "11"]
[EventCountry "USA"]
[SourceTitle "CB09_2025"]
[SourceDate "2025.02.27"]
[SourceVersion "1"]
[SourceVersionDate "2025.02.27"]
[SourceQuality "1"]

1. Nf3 Nf6 2. c4 b6 3. g3 Bb7 4. Bg2 e6 5. 0-0 c5 6. Nc3 a6 7. d4 cxd4 8. Qxd4 Nc6 9. Qf4 Qb8 10. Rd1 Qxf4 11. Bxf4 Bc5 12. Na4 0-0 13. Nxc5 bxc5 14. Bd6 Rfc8 15. Bxc5 Na5 16. Be7 Nxc4 17. Bxf6 gxf6 18. Rxd7 Bc6 19. Rd4 Nxb2 20. Rc1 Bxf3 21. Rxc8+ Rxc8 22. Bxf3 Rc2 23. Rd8+ Kg7 24. Ra8 Nd1 25. Rxa6 Nc3 26. a4 Nxe2+ 27. Kg2 Nd4 28. Bh5 Rc7 29. h4 Nc6 30. Bf3 Ne5 31. Be2 Rc2 32. Kf1 Ra2 33. a5 Ra1+ 34. Kg2 Ra2 35. Kf1 Ra1+ 36. Kg2 Ra2 37. Kf1 1/2-1/2

[Event "Titled Tuesday intern op 11th Feb Early"]
[Site "Chess.com INT"]
[Date "2025.02.11"]
[Round "5"]
[White "Kassay, Lilla"]
[Black "Kim, Noah"]
[Result "0-1"]
[WhiteElo "2078"]
[BlackElo "2080"]
[PlyCount "84"]
[EventDate "2025.02.11"]
[EventType "swiss (blitz)"]
[EventRounds "11"]
[EventCountry "USA"]
[SourceTitle "CB09_2025"]
[SourceDate "2025.02.27"]
[SourceVersion "1"]
[SourceVersionDate "2025.02.27"]
[SourceQuality "1"]

1. g4 d5 2. Bg2 c6 3. c4 dxc4 4. h3 e5 5. Nf3 Bd6 6. Qc2 Be6 7. Nc3 Nd7 8. Ne4 Be7 9. 0-0 h6 10. Qc3 Qc7 11. d4 cxd3 12. exd3 Ngf6 13. Re1 0-0 14. g5 Nxe4 15. Rxe4 Bd5 16. Rg4 h5 17. Rh4 g6 18. Be3 Rae8 19. Re1 Bd6 20. a3 a5 21. b4 axb4 22. axb4 Re7 23. Ra1 Rfe8 24. Ra7 Nf8 25. Nd2 Bxg2 26. Kxg2 Re6 27. Ne4 Be7 28. b5 Bd8 29. b6 Qc8 30. Qb3 Nd7 31. f4 c5 32. f5 gxf5 33. Ng3 f4 34. Nf5 Bxg5 35. Rxh5 Rg6 36. Bf2 Nxb6 37. Kf3 Qxf5 38. Rxb7 e4+ 39. Kg2 f3+ 40. Kh1 e3 41. Rxb6 exf2 42. Rxg6+ Qxg6 0-1

[Event "Titled Tuesday intern op 11th Feb Early"]
[Site "Chess.com INT"]
[Date "2025.02.11"]
[Round "7"]
[White "Kassay, Lilla"]
[Black "Vallee, Louis"]
[Result "1-0"]
[WhiteElo "2078"]
[BlackElo "2263"]
[PlyCount "105"]
[EventDate "2025.02.11"]
[EventType "swiss (blitz)"]
[EventRounds "11"]
[EventCountry "USA"]
[SourceTitle "CB09_2025"]
[SourceDate "2025.02.27"]
[SourceVersion "1"]
[SourceVersionDate "2025.02.27"]
[SourceQuality "1"]

1. f4 e5 2. e4 exf4 3. Nf3 Nf6 4. e5 Nh5 5. d4 g6 6. Bc4 d5 7. exd6 Bxd6 8. 0-0 0-0 9. Nc3 Nc6 10. Ne4 Bf5 11. Neg5 Na5 12. Nxf7 Rxf7 13. Bxf7+ Kxf7 14. c3 c5 15. Kh1 c4 16. d5 Qb6 17. Nd4 Be4 18. Qg4 Re8 19. Bxf4 Nxf4 20. Rxf4+ Bxf4 21. Rf1 g5 22. Qxg5 Qg6 23. Qxf4+ Kg8 24. Qf2 Bxd5 25. Nf5 h5 26. Nh4 Qd3 27. Qf4 Qh7 28. Qg5+ Qg7 29. Qxd5+ Kh8 30. Qxh5+ Kg8 31. Qxe8+ Kh7 32. Rf7 Qxf7 33. Qxf7+ Kh6 34. Nf5+ Kg5 35. Qg7+ Kf4 36. Nh4 b5 37. Qf6+ Ke4 38. g3 b4 39. cxb4 c3 40. Qe6+ Kd3 41. Qd5+ Ke2 42. Qxa5 a6 43. Qxa6+ Ke1 44. bxc3 Kd2 45. b5 Kxc3 46. b6 Kc2 47. b7 Kc1 48. b8Q Kd2 49. Qc6 Ke1 50. Qd8 Kf2 51. Qe6 Kf1 52. Qd1+ Kf2 53. Qee2# 1-0

[Event "Titled Tuesday intern op 11th Feb Early"]
[Site "Chess.com INT"]
[Date "2025.02.11"]
[Round "9"]
[White "Keller, Peter1"]
[Black "Kassay, Lilla"]
[Result "0-1"]
[WhiteElo "2308"]
[BlackElo "2078"]
[PlyCount "120"]
[EventDate "2025.02.11"]
[EventType "swiss (blitz)"]
[EventRounds "11"]
[EventCountry "USA"]
[SourceTitle "CB09_2025"]
[SourceDate "2025.02.27"]
[SourceVersion "1"]
[SourceVersionDate "2025.02.27"]
[SourceQuality "1"]

1. e4 c6 2. d4 d5 3. exd5 cxd5 4. c4 Nf6 5. Nc3 Nc6 6. Nf3 Bg4 7. cxd5 Nxd5 8. Qb3 Bxf3 9. gxf3 e6 10. Qxb7 Nxd4 11. Bb5+ Nxb5 12. Qc6+ Ke7 13. Qxb5 Nxc3 14. bxc3 Qb6 15. Qa4 f6 16. 0-0 Kf7 17. Be3 Bc5 18. Qd7+ Kg6 19. Bxc5 Qxc5 20. Qxe6 Rae8 21. Qg4+ Qg5 22. Rfe1 h5 23. Qg3 h4 24. Qg4 f5 25. Qxg5+ Kxg5 26. Re3 Kf4 27. Rae1 Rc8 28. Rd3 Rc4 29. Kf1 Rhc8 30. Rc1 h3 31. Ke2 Ra4 32. Rc2 Rcc4 33. Rd7 g5 34. Rh7 Ra3 35. Kd3 Rca4 36. Rxh3 Rxa2 37. Rc1 Rxf2 38. c4 Ra3+ 39. Kd4 Rd2+ 40. Kc5 Rxf3 41. Rxf3+ Kxf3 42. Kb5 Rxh2 43. c5 Rh7 44. c6 Rc7 45. Kc5 g4 46. Kd6 Rc8 47. Kd7 Rh8 48. c7 g3 49. c8Q Rxc8 50. Rxc8 g2 51. Rg8 Kf2 52. Ke6 f4 53. Ke5 f3 54. Ke4 a5 55. Kf4 g1Q 56. Rxg1 Kxg1 57. Kxf3 a4 58. Ke3 a3 59. Kd2 a2 60. Kc2 a1Q 0-1

[Event "Titled Tuesday intern op 11th Feb Early"]
[Site "Chess.com INT"]
[Date "2025.02.11"]
[Round "6"]
[White "Lau, Lut Yin Luke"]
[Black "Kassay, Lilla"]
[Result "1-0"]
[WhiteElo "2239"]
[BlackElo "2078"]
[PlyCount "59"]
[EventDate "2025.02.11"]
[EventType "swiss (blitz)"]
[EventRounds "11"]
[EventCountry "USA"]
[SourceTitle "CB09_2025"]
[SourceDate "2025.02.27"]
[SourceVersion "1"]
[SourceVersionDate "2025.02.27"]
[SourceQuality "1"]

1. e4 c6 2. d4 d5 3. e5 c5 4. Nf3 Bg4 5. Be3 cxd4 6. Qxd4 Nc6 7. Qxg4 e6 8. Nbd2 Qa5 9. c3 b5 10. Qf4 b4 11. Nb3 Qa4 12. Be2 Nh6 13. 0-0 Nf5 14. Rfd1 Nxe3 15. Qxe3 Be7 16. Nc5 Qa5 17. Nb7 Qc7 18. Nd6+ Bxd6 19. exd6 Qxd6 20. c4 0-0 21. cxd5 exd5 22. Bc4 d4 23. Nxd4 Ne5 24. Bb3 Qf6 25. h3 Rfd8 26. Rac1 Rd6 27. Nb5 Rb6 28. Nc7 Rc8 29. Nd5 Rxc1 30. Nxf6+ 1-0

[Event "Titled Tuesday intern op 28th Jan Early"]
[Site "Chess.com INT"]
[Date "2025.01.28"]
[Round "9"]
[White "Kassay, Lilla"]
[Black "Golubovic, Erik"]
[Result "0-1"]
[WhiteElo "2056"]
[BlackElo "2183"]
[PlyCount "72"]
[EventDate "2025.01.28"]
[EventType "swiss (blitz)"]
[EventRounds "11"]
[EventCountry "USA"]
[SourceTitle "CB06_2025"]
[SourceDate "2025.02.05"]
[SourceVersion "1"]
[SourceVersionDate "2025.02.05"]
[SourceQuality "1"]

1. d4 Nf6 2. c4 c5 3. Nf3 cxd4 4. Nxd4 e5 5. Nb3 d5 6. cxd5 Qxd5 7. Qxd5 Nxd5 8. g3 Nb4 9. Na3 N8c6 10. Bg2 Be6 11. Be3 Nxa2 12. Nb5 Bb4+ 13. Nd2 Rc8 14. 0-0 a6 15. Na3 Bxa3 16. bxa3 Nc3 17. Rfe1 0-0 18. Rac1 Nd5 19. Bc5 Rfd8 20. Nc4 Nd4 21. Nd6 Rxd6 22. Bxd4 Rxc1 23. Rxc1 exd4 24. Bxd5 Rxd5 25. Rc7 Rb5 26. f3 g6 27. h4 Rb3 28. a4 h5 29. Kf2 Rb4 30. a5 Rb5 31. g4 hxg4 32. fxg4 Bxg4 33. Rc4 Rxa5 34. Rxd4 Be6 35. Kg3 Rb5 36. Kf4 a5 0-1

[Event "Titled Tuesday intern op 28th Jan Early"]
[Site "Chess.com INT"]
[Date "2025.01.28"]
[Round "2"]
[White "Kassay, Lilla"]
[Black "Minko, Dmitry"]
[Result "0-1"]
[WhiteElo "2056"]
[BlackElo "2247"]
[PlyCount "58"]
[EventDate "2025.01.28"]
[EventType "swiss (blitz)"]
[EventRounds "11"]
[EventCountry "USA"]
[SourceTitle "CB06_2025"]
[SourceDate "2025.02.05"]
[SourceVersion "1"]
[SourceVersionDate "2025.02.05"]
[SourceQuality "1"]

1. d4 d5 2. c4 e6 3. cxd5 exd5 4. Nc3 c6 5. Qc2 Nf6 6. Bg5 g6 7. e3 Be7 8. Bd3 Nbd7 9. Nf3 Nf8 10. 0-0 Ne6 11. Bh4 Ng7 12. Rab1 0-0 13. b4 a6 14. a4 Bf5 15. b5 cxb5 16. axb5 Rc8 17. Bxf5 Nxf5 18. Bxf6 Bxf6 19. Qb3 Ne7 20. bxa6 bxa6 21. Na4 Nc6 22. Nc5 a5 23. Qa4 Qd6 24. Rb6 Bd8 25. Nb7 Qc7 26. Rfb1 Qxb6 27. Rxb6 Bxb6 28. Qb5 Nxd4 29. Qb2 Rc1+ 0-1

[Event "Titled Tuesday intern op 28th Jan Early"]
[Site "Chess.com INT"]
[Date "2025.01.28"]
[Round "3"]
[White "Thorhallsson, Simon"]
[Black "Kassay, Lilla"]
[Result "1-0"]
[WhiteElo "2223"]
[BlackElo "2056"]
[PlyCount "101"]
[EventDate "2025.01.28"]
[EventType "swiss (blitz)"]
[EventRounds "11"]
[EventCountry "USA"]
[SourceTitle "CB06_2025"]
[SourceDate "2025.02.05"]
[SourceVersion "1"]
[SourceVersionDate "2025.02.05"]
[SourceQuality "1"]

1. Nf3 Nf6 2. c4 b6 3. g3 Bb7 4. Bg2 e6 5. 0-0 c5 6. Nc3 a6 7. d4 cxd4 8. Qxd4 Nc6 9. Qf4 Be7 10. b3 0-0 11. Rd1 Qb8 12. Qxb8 Raxb8 13. Bf4 Rbc8 14. Be3 Bb4 15. Rac1 Bxc3 16. Rxc3 b5 17. cxb5 axb5 18. Rdc1 Nb4 19. Rxc8 Rxc8 20. Rxc8+ Bxc8 21. a4 Ba6 22. axb5 Bxb5 23. Nd4 Ba6 24. Bd2 Nbd5 25. e4 Nc7 26. f3 g6 27. Bc3 Nfe8 28. e5 d6 29. exd6 Nxd6 30. f4 Ndb5 31. Nxb5 Bxb5 32. Be5 Nd5 33. Kf2 Kf8 34. h4 Ke7 35. Bf1 Bxf1 36. Kxf1 Kd7 37. Ke2 Kc6 38. Kd3 Kb5 39. Bd6 h5 40. Kd4 Nf6 41. Bf8 Ng4 42. Be7 Kc6 43. b4 Kb5 44. Ke4 Kc4 45. Bf8 Nf6+ 46. Kf3 Nd5 47. Ke4 Nf6+ 48. Ke5 Ng4+ 49. Kd6 Kxb4 50. Ke7 Kc4 51. Kxf7 1-0

[Event "Titled Tuesday intern op 14th Jan Early"]
[Site "Chess.com INT"]
[Date "2025.01.14"]
[Round "1"]
[White "Alinasab, Mobina"]
[Black "Kassay, Lilla"]
[Result "0-1"]
[WhiteElo "2322"]
[BlackElo "2056"]
[PlyCount "84"]
[EventDate "2025.01.14"]
[EventType "swiss (blitz)"]
[EventRounds "11"]
[EventCountry "USA"]
[SourceTitle "CB04_2025"]
[SourceDate "2025.01.22"]
[SourceVersion "1"]
[SourceVersionDate "2025.01.22"]
[SourceQuality "1"]

1. Nf3 Nf6 2. b3 e6 3. Bb2 b6 4. g3 Bb7 5. Bg2 Be7 6. 0-0 c5 7. c4 d6 8. d4 cxd4 9. Nxd4 Bxg2 10. Kxg2 Qc7 11. Nc3 a6 12. e4 0-0 13. f3 Nbd7 14. Qd2 Rfd8 15. Rac1 Ne5 16. h3 Rac8 17. f4 Nc6 18. Nd5 exd5 19. cxd5 Nxe4 20. Qe3 Nc5 21. Nxc6 Re8 22. Qf3 Bf8 23. b4 Na4 24. Bd4 Qd7 25. f5 a5 26. Rfe1 axb4 27. h4 Nc5 28. h5 h6 29. f6 Rxe1 30. Rxe1 Ra8 31. Re2 g6 32. hxg6 fxg6 33. Ne7+ Bxe7 34. Rxe7 Rxa2+ 35. Kg1 Qf5 36. Qxf5 gxf5 37. Rg7+ Kf8 38. Rh7 b3 39. Be3 b2 40. Bxh6+ Kg8 41. f7+ Kxh7 42. f8Q b1Q+ 0-1

[Event "Titled Tuesday intern op 14th Jan Early"]
[Site "Chess.com INT"]
[Date "2025.01.14"]
[Round "5"]
[White "Kassay, Lilla"]
[Black "Denisenko, Denis"]
[Result "1-0"]
[WhiteElo "2056"]
[BlackElo "1932"]
[PlyCount "83"]
[EventDate "2025.01.14"]
[EventType "swiss (blitz)"]
[EventRounds "11"]
[EventCountry "USA"]
[SourceTitle "CB04_2025"]
[SourceDate "2025.01.22"]
[SourceVersion "1"]
[SourceVersionDate "2025.01.22"]
[SourceQuality "1"]

1. e4 e5 2. Nf3 Nc6 3. Bc4 Nf6 4. d3 Bc5 5. c3 a6 6. Bb3 Ba7 7. Nbd2 d6 8. Nf1 h6 9. Ng3 Qe7 10. Qe2 Be6 11. Bc2 g5 12. 0-0 Rg8 13. Be3 0-0-0 14. Ba4 Bxe3 15. Qxe3 Ng4 16. Qe2 Bd7 17. Bxc6 Bxc6 18. Nf5 Qf6 19. d4 h5 20. a4 Nh6 21. dxe5 dxe5 22. Nxh6 Qxh6 23. Nxe5 Be8 24. b4 g4 25. b5 a5 26. Rad1 Rxd1 27. Rxd1 f6 28. Qd3 Bxb5 29. Qxb5 fxe5 30. Qxa5 Kb8 31. Qxe5 Rf8 32. a5 Qc6 33. Qe7 Re8 34. Rd8+ Rxd8 35. Qxd8+ Ka7 36. Qd4+ Ka6 37. g3 Kxa5 38. e5 b5 39. Qa7+ Qa6 40. Qxa6+ Kxa6 41. e6 b4 42. cxb4 1-0

[Event "Titled Tuesday intern op 14th Jan Early"]
[Site "Chess.com INT"]
[Date "2025.01.14"]
[Round "8"]
[White "Kassay, Lilla"]
[Black "Kiolbasa, Oliwia"]
[Result "1-0"]
[WhiteElo "2056"]
[BlackElo "2357"]
[PlyCount "55"]
[EventDate "2025.01.14"]
[EventType "swiss (blitz)"]
[EventRounds "11"]
[EventCountry "USA"]
[SourceTitle "CB04_2025"]
[SourceDate "2025.01.22"]
[SourceVersion "1"]
[SourceVersionDate "2025.01.22"]
[SourceQuality "1"]

1. e4 c5 2. Nf3 b6 3. d4 cxd4 4. Nxd4 Bb7 5. Nc3 a6 6. Bd3 Qc7 7. Be3 Nf6 8. 0-0 e6 9. f4 Bb4 10. Qf3 Bxc3 11. bxc3 d5 12. e5 Ne4 13. Qg4 0-0 14. Rf3 Nc6 15. Rh3 f5 16. exf6 Rxf6 17. Bxe4 dxe4 18. Nxe6 Qd7 19. f5 Ne5 20. Qh5 g6 21. fxg6 Rxe6 22. gxh7+ Kh8 23. Bd4 Rae8 24. Rf1 Qg7 25. Rf7 Nxf7 26. Qxf7 Qxd4+ 27. cxd4 e3 28. Rg3 1-0

[Event "Titled Tuesday intern op 14th Jan Early"]
[Site "Chess.com INT"]
[Date "2025.01.14"]
[Round "7"]
[White "Krzywda, Andrzej"]
[Black "Kassay, Lilla"]
[Result "0-1"]
[WhiteElo "2173"]
[BlackElo "2056"]
[PlyCount "128"]
[EventDate "2025.01.14"]
[EventType "swiss (blitz)"]
[EventRounds "11"]
[EventCountry "USA"]
[SourceTitle "CB04_2025"]
[SourceDate "2025.01.22"]
[SourceVersion "1"]
[SourceVersionDate "2025.01.22"]
[SourceQuality "1"]

1. e4 c5 2. Nf3 d6 3. d4 cxd4 4. Nxd4 Nf6 5. Nc3 a6 6. Be3 e5 7. Nb3 Be6 8. h3 Be7 9. g4 Nc6 10. g5 Nd7 11. h4 b5 12. Nd5 Bxd5 13. exd5 Na5 14. Bd3 Nc4 15. Bc1 Ndb6 16. Qg4 a5 17. Nd2 Rc8 18. Ne4 Nxd5 19. b3 Ncb6 20. Bxb5+ Kf8 21. Bd2 Nb4 22. Bxb4 axb4 23. Bd3 d5 24. Ng3 e4 25. Be2 Rxc2 26. 0-0 Bd6 27. Bb5 Qc7 28. Nf5 Be5 29. Rad1 g6 30. Ne3 Rxa2 31. Rc1 Qb8 32. Nxd5 Kg7 33. Nf6 Rd8 34. h5 Bh2+ 35. Kh1 Rdd2 36. h6+ Kh8 37. Rc6 Rxf2 38. Rxf2 Rxf2 39. Rxb6 Qd8 40. Qd7 Qa8 41. Qe8+ Qxe8 42. Nxe8 e3 43. Rb8 Bxb8 44. Nf6 e2 45. Bxe2 Rxe2 46. Ng4 Rb2 47. Ne5 Rxb3 48. Nxf7+ Kg8 49. Nd8 Bd6 50. Ne6 Be5 51. Nc5 Rb1+ 52. Kg2 b3 53. Nxb3 Rxb3 54. Kh1 Kf7 55. Kg1 Ke6 56. Kg2 Kf5 57. Kh1 Kf4 58. Kg2 Kxg5 59. Kh1 Kxh6 60. Kg2 Kg5 61. Kh1 Kg4 62. Kg2 Rb2+ 63. Kf1 Kg3 64. Kg1 Rb1# 0-1

[Event "HUN-chT2 Barcza 2324"]
[Site "Hungary"]
[Date "2024.05.12"]
[Round "9.1"]
[White "Ats, Laszlo Gyorgy"]
[Black "Kassay, Lilla"]
[Result "0-1"]
[WhiteElo "1918"]
[BlackElo "2055"]
[PlyCount "84"]
[EventDate "2023.10.08"]
[EventType "team-tourn"]
[EventRounds "9"]
[EventCountry "HUN"]
[SourceTitle "EXT 2025"]
[Source "ChessBase"]
[SourceDate "2024.10.14"]
[SourceVersion "1"]
[SourceVersionDate "2024.10.14"]
[SourceQuality "1"]
[WhiteTeam "Debrecen Sakkiskola"]
[BlackTeam "Sportisk KisBocsok"]
[WhiteTeamCountry "HUN"]
[BlackTeamCountry "HUN"]

1. d4 Nf6 2. Bf4 e6 3. e3 b6 4. h4 Bb7 5. Nf3 c5 6. c3 a6 7. Nbd2 cxd4 8. exd4 Be7 9. Bd3 d6 10. Qe2 Nbd7 11. Ne4 Qc7 12. Bh2 Nxe4 13. Bxe4 Nf6 14. Bxb7 Qxb7 15. 0-0 0-0 16. Rfe1 b5 17. Ng5 a5 18. Rac1 Qd5 19. a3 b4 20. axb4 axb4 21. Qd3 bxc3 22. bxc3 Ra3 23. Re3 h6 24. Ne4 Ng4 25. Rh3 Rc8 26. Bf4 f5 27. Nd2 Bf6 28. Nb1 Ra2 29. Be3 f4 30. Bd2 Rb8 31. f3 Ne5 32. Qe4 Qxe4 33. fxe4 Ng4 34. Bxf4 e5 35. dxe5 dxe5 36. Bd2 Ra1 37. Na3 Rxa3 38. c4 Ra2 39. Be1 Re2 40. c5 Rxe4 41. c6 Rc8 42. c7 Rxc7 0-1

[Event "HUN-chT2 Barcza 2324"]
[Site "Hungary"]
[Date "2024.04.21"]
[Round "8.1"]
[White "Kassay, Lilla"]
[Black "Kiss, Pal"]
[Result "0-1"]
[WhiteElo "2043"]
[BlackElo "2244"]
[PlyCount "82"]
[EventDate "2023.10.08"]
[EventType "team-tourn"]
[EventRounds "9"]
[EventCountry "HUN"]
[SourceTitle "EXT 2025"]
[Source "ChessBase"]
[SourceDate "2024.10.14"]
[SourceVersion "1"]
[SourceVersionDate "2024.10.14"]
[SourceQuality "1"]
[WhiteTeam "Sportisk KisBocsok"]
[BlackTeam "Edeleny"]
[WhiteTeamCountry "HUN"]
[BlackTeamCountry "HUN"]

1. e4 c5 2. Nf3 Nc6 3. d4 cxd4 4. Nxd4 Nf6 5. Nc3 e5 6. Ndb5 d6 7. Bg5 a6 8. Na3 Be6 9. Nc4 Rc8 10. Ne3 Be7 11. Bxf6 Bxf6 12. Ncd5 Bg5 13. c3 0-0 14. h4 Bxe3 15. Nxe3 Ne7 16. Be2 d5 17. exd5 Nxd5 18. Nxd5 Bxd5 19. 0-0 Rc6 20. Qd2 Rd6 21. Qg5 Rg6 22. Qxd8 Rxg2+ 23. Kh1 Rxd8 24. Rfe1 Rxf2+ 25. Kg1 Rg2+ 26. Kf1 Rg6 27. Rad1 Rf6+ 28. Kg1 Rfd6 29. b3 Bc6 30. Rxd6 Rxd6 31. Bf1 f6 32. Re2 Bf3 33. Rf2 e4 34. Kh2 g5 35. Kg3 Kg7 36. c4 h6 37. c5 Rd1 38. hxg5 hxg5 39. Bc4 f5 40. Rh2 f4+ 41. Kf2 g4 0-1

[Event "HUN-chT BAZ megyei CSB 2223"]
[Site "Hungary"]
[Date "2023.01.22"]
[Round "6.4"]
[White "Kassay, Lilla"]
[Black "Herczeg, Benedek"]
[Result "1-0"]
[WhiteElo "2063"]
[BlackElo "1478"]
[PlyCount "49"]
[EventDate "2022.09.25"]
[EventType "team-tourn"]
[EventRounds "9"]
[EventCountry "HUN"]
[SourceTitle "EXT 2025"]
[Source "ChessBase"]
[SourceDate "2024.10.14"]
[SourceVersion "1"]
[SourceVersionDate "2024.10.14"]
[SourceQuality "1"]
[WhiteTeam "Miskolc KisBocsok"]
[BlackTeam "DVTK III"]
[WhiteTeamCountry "HUN"]
[BlackTeamCountry "HUN"]

1. e4 e5 2. Nf3 Nc6 3. Bc4 Bc5 4. c3 Nf6 5. d3 d6 6. Bb3 Bg4 7. Nbd2 0-0 8. Nf1 d5 9. Qe2 dxe4 10. dxe4 Bh5 11. Ng3 Bg6 12. 0-0 Qe7 13. Bg5 h6 14. Nh4 Bh7 15. Nhf5 Bxf5 16. Nxf5 Qd8 17. Bh4 Be7 18. Rad1 Qe8 19. Qf3 Nh7 20. Qg4 Bg5 21. Bxg5 Nxg5 22. h4 Ne7 23. hxg5 Nxf5 24. exf5 hxg5 25. Qxg5 1-0

[Event "HUN-chT BAZ megyei CSB 2223"]
[Site "Hungary"]
[Date "2022.10.02"]
[Round "2.4"]
[White "Lengyel, Laszlo"]
[Black "Kassay, Lilla"]
[Result "0-1"]
[WhiteElo "1780"]
[BlackElo "2059"]
[PlyCount "58"]
[EventDate "2022.09.25"]
[EventType "team-tourn"]
[EventRounds "9"]
[EventCountry "HUN"]
[SourceTitle "EXT 2025"]
[Source "ChessBase"]
[SourceDate "2024.10.14"]
[SourceVersion "1"]
[SourceVersionDate "2024.10.14"]
[SourceQuality "1"]
[WhiteTeam "Szerencs Varos"]
[BlackTeam "Miskolc KisBocsok"]
[WhiteTeamCountry "HUN"]
[BlackTeamCountry "HUN"]

1. e4 c5 2. Ne2 d6 3. c4 Nc6 4. d4 cxd4 5. Nxd4 Nf6 6. Nc3 g6 7. Be2 Bg7 8. Be3 Bd7 9. 0-0 0-0 10. h3 Rc8 11. Nc2 Ne5 12. b3 Qa5 13. Bd2 Qc7 14. f4 Nc6 15. Be3 Qb8 16. Rc1 Nh5 17. Bxh5 Bxc3 18. Bf3 Bb2 19. Rb1 Bg7 20. c5 Rfd8 21. cxd6 Be6 22. Qe2 Rxd6 23. Rbd1 Bh6 24. Rxd6 Qxd6 25. e5 Qc7 26. Be4 Bg7 27. Rc1 Qa5 28. Ne1 Qb4 29. Bc5 Nd4 0-1